Pokémon - Conseil 4 - Adrien (D/P/Pt) - Statistiques

Statistiques générales
  • Ce quiz a été pris 40 fois
  • Le résultat moyen est 78 sur 99
Statistiques - réponses
Hint Réponse % Correct
Type Feu
100%
Type Feu
100%
Type Feu
100%
Type Feu
100%
Type Feu
100%
Type Feu
100%
Type Feu
100%
Type Feu
100%
Galopa
100%
Galopa
100%
Grodrive
100%
Type Normal
100%
Simiabraz
100%
Simiabraz
100%
Type Spectre
100%
Steelix
100%
Type Vol
100%
Type Acier
95%
Type Combat
95%
Type Combat
95%
Démolosse
95%
Capacités Lance-Flamme
95%
Capacités Lance-Flamme
95%
Capacités Séisme
95%
Capacités Séisme
95%
Type Sol
95%
Capacités Boutefeu
91%
Capacités Boutefeu
91%
Capacités Boutefeu
91%
Capacités Boutefeu
91%
Capacités Feu Follet
91%
Capacités Feu Follet
91%
Capacités Poing-Éclair
91%
Capacités Poing-Éclair
91%
Capacité (Aire de Combat, remplace 2) Poing-Éclair
91%
Type Ténèbres
91%
Niv 52
86%
Niv 55
86%
Niv 55
86%
Niv (Aire de Combat) 56
86%
Niv (Aire de Combat) 56
86%
Niv 57
86%
Niv 57
86%
Niv 57
86%
Niv 58
86%
Niv 58
86%
Niv (Aire de Combat) 58
86%
Maganon
86%
Capacités Rebond
86%
Capacités Rebond
86%
Niv 53
82%
Niv (Revanche) 68
82%
Niv (Revanche) 69
82%
Niv (Revanche) 71
82%
Niv (Revanche) 71
82%
Niv (Revanche) 73
82%
Lockpin
82%
Capacités Poing de Feu
82%
Capacité (Aire de Combat, remplace 3) Poing de Feu
82%
Capacités Tonnerre
82%
Capacités Vibrobscur
82%
Niv 61
77%
Talent Brasier
77%
Talent Brasier
77%
Capacités Surchauffe
77%
Objet Baie Sitrus
73%
Objet Baie Sitrus
73%
Talent Boom Final
73%
Capacités Crocs Feu
73%
Capacités Lance-Soleil
73%
Capacités Lance-Soleil
73%
Capacités Lance-Soleil
73%
Pyroli
68%
Capacités Ultralaser
68%
Capacités Vent Mauvais
68%
Capacités Zénith
68%
Capacités Zénith
68%
Capacités Zénith
68%
Capacités Zénith
68%
Capacités Zénith
68%
Capacités Mach Punch
64%
Capacités Mach Punch
64%
Capacités Bombe-Beurk
55%
Capacités Giga Impact
55%
Talent Joli Sourire
55%
Capacités Tomberoche
55%
Talent (Aire de Combat) Torche
55%
Talent Torche
55%
Capacités Vive-Attaque
55%
Talent Corps Ardent
50%
Talent Fuite
36%
Talent Fuite
36%
Capacités Grincement
32%
Talent Matinal
32%
Capacités Reflet
32%
Talent Tête de Roc
32%
Capacités Charme
27%
Capacités Relais
27%
Capacités Voile Miroir
23%
Aucun quiz correspondant
Distribution des résultats
% des personnes avec chaque résultat
Percentile par nombre de réponses
Votre historique - résultats
Vous n’avez pas pris ce quiz